000 00688nam a2200229Ia 4500
005 20240111092957.0
008 131103s9999 xx 000 0 und d
020 _a0-13-326470-X
040 _aLoreto College
041 _aEnglish
082 _a327.1
_bMAC
245 _aFireign policy in world politics
_cedited by Roy C. Macridis
250 _a4th ed.
260 _aNew Jersey
_bPrentice-Hall,Inc.
_c1958(1972 printing)
300 _axi,428 p.
_b ill.,charts
504 _aIncludes bibliographical references and index
650 _aPolitics - International Relations -
651 _aPolitical Science -
700 _aMacridis, Roy C., ed.
850 _aLCLIB
942 _cBK
999 _c1537
_d52016